Rozhodování. Řešení rozhodovacích problémů v řízení /

Uložené v:
Podrobná bibliografia
Hlavní autori: Fort, Jiří (Autor), Hořický, Karel (Autor)
Médium: Kniha
Vydavateľské údaje: Praha : Institut řízení, 1988
Tagy: Pridať tag
Žiadne tagy, Buďte prvý, kto otaguje tento záznam!

MARC

LEADER 00000nam a22000003a 4500
001 stu15734
005 20150617225758.5
008 ------s1988----cs----------------------d
040 |a STU  |b slo 
041 0
044 |a cs 
080 |a 338.24 
100 1 |a Fort, Jiří  |4 aut 
245 1 |a Rozhodování. Řešení rozhodovacích problémů v řízení /  |c [aut.]Fort,Jiří, Hořický,Karel 
260 |a Praha :  |b Institut řízení,  |c 1988 
300 |a 238 s :  |b Tab.,grafy,lit 
700 1 |a Hořický, Karel  |4 aut 
996 |b C81000  |c C*81000  |l CCXIV  |s P  |a 0  |w stu15734_0001